Fr. Conceicao Rodrigues College of Engineering

Digital integrated circuits (Record no. 31832)

MARC details
000 -LEADER
fixed length control field 00362nam a2200157Ia 4500
082 ## - DEWEY DECIMAL CLASSIFICATION NUMBER
Classification number 621.3815
Item number DEM
100 ## - MAIN ENTRY--PERSONAL NAME
Personal name Demassa/Thomas A
245 ## - TITLE STATEMENT
Title Digital integrated circuits
260 ## - PUBLICATION, DISTRIBUTION, ETC.
Name of publisher, distributor, etc. Wiley India
Date of publication, distribution, etc. 2001
300 ## - PHYSICAL DESCRIPTION
Extent 683
546 ## - LANGUAGE NOTE
Language note ENGLISH
-- PAMPHALETS
650 ## - SUBJECT ADDED ENTRY--TOPICAL TERM
Topical term or geographic name entry element Integrated Circuits
654 ## - SUBJECT ADDED ENTRY--FACETED TOPICAL TERMS
Focus term integrated circuits
942 ## - ADDED ENTRY ELEMENTS (KOHA)
Koha item type BOOK
Holdings
Withdrawn status Lost status Damaged status Not for loan Collection Home library Current library Date acquired Source of acquisition Inventory number Total Checkouts Full call number Barcode Date last seen Price effective from Koha item type
        CRC Fr. Agnel's C.Rodrigues College of Engineering Fr. Agnel's C.Rodrigues College of Engineering 17/03/2023 Allied Publishers 3536 dt 21/03/2012   621.3815 DEM 22049 17/03/2023   BOOK